Benson Boone Songs By Emojis-Part 2 - Statistics

General Stats
  • This quiz has been taken 96 times
  • The average score is 6 of 9
Answer Stats
Hint Answer % Correct
😭 Cry
96%
🤏🏃‍♀️ Little Runaway
91%
👋🏼❤️ Hello Love
76%
🖼️ Work Of Art
76%
❤️📦 Empty Heart Shaped Box
75%
♾️🌅 Forever And A Day
58%
🌃✨🌙 Nights Like These
56%
👯‍♀️ Friend
41%
❤️⛏️(Sorry if this one is too hard) Love Of Mine
34%
No matching quizzes found
Score Distribution
Percent of People with Each Score
Percentile by Number Answered
Your Score History
You have not taken this quiz